Nový zákon o trestnej zodpovednosti právnických osôb

Dňom 1. júla 2016 nadobudol účinnosť nový zákon o trestnej zodpovednosti právnických osôb, ktorý bol uverejnený v Zbierke zákonov po číslom 91/2016 Z.z. Znenie zákona.

Guardado en:
Detalles Bibliográficos
Autor principal: Múčková, Beata
Formato: Capítulo de libro
Lenguaje:eslovaco
Materias:
Etiquetas: Agregar Etiqueta
Sin Etiquetas, Sea el primero en etiquetar este registro!

MARC

LEADER 00000naa a2200000 4500
001 0224176
005 20221019163319.0
041 0 |a slo 
044 |a SK 
245 1 0 |a Nový zákon o trestnej zodpovednosti právnických osôb  |c Beata Múčková 
520 |a Dňom 1. júla 2016 nadobudol účinnosť nový zákon o trestnej zodpovednosti právnických osôb, ktorý bol uverejnený v Zbierke zákonov po číslom 91/2016 Z.z. Znenie zákona. 
610 2 0 |a osoby právnické 
610 2 0 |a zodpovednosť právna 
610 2 0 |a zákony 
100 1 |a Múčková, Beata